| 000 | 00495nam a2200157 i 4500 | ||
|---|---|---|---|
| 001 | 50023 | ||
| 003 | ES-MaACL | ||
| 005 | 20230906162114.0 | ||
| 007 | t| | ||
| 008 | 030728s1960 sp ||||1| spa d | ||
| 100 | 1 |
_aCriado de Val, Manuel. _941605 |
|
| 245 | 1 | 0 |
_aTeoría de Castilla la Nueva _b: la dualidad castellana en los orígenes del español / _cManuel Criado de Val. |
| 260 |
_aMadrid : _bGredos, _c[1960] |
||
| 300 |
_a383 p., 1 map. ; _c24 cm. |
||
| 852 |
_aES-MaACL _jC-18885 _bR.46859 |
||
| 999 |
_c50023 _d50023 |
||